Environmental and Natural Resource Economics

Na minha lista:
Detalhes bibliográficos
Autor principal: Tietenberg, Tom
Outros Autores: Lewis, Lynne
Formato: Livro
Idioma:inglês
Publicado em: New York Routledge 2018
Edição:11th Edition
Assuntos:
Tags: Adicionar Tag
Sem tags, seja o primeiro a adicionar uma tag!

MARC

LEADER 00000nam a2200000 4500
001 0254563
005 20240221114031.1
020 |a 978-1-138-63229-5 
020 |a 978-1-315-20834-3 
041 0 |a eng 
044 |a US 
245 1 0 |a Environmental and Natural Resource Economics  |c Tom Tietenberg and Lynne Lewis 
250 |a 11th Edition 
264 1 |a New York  |b Routledge  |c 2018 
300 |a 557 s. 
610 2 0 |a ekonomika environmentálna 
610 2 0 |a zdroje prírodné 
610 2 0 |a politika environmentálna 
610 2 0 |a prostredie životné 
610 2 0 |a ohodnocovanie 
610 2 0 |a metódy 
610 2 0 |a energia 
610 2 0 |a voda 
610 2 0 |a recyklácia odpadu 
610 2 0 |a pôda 
610 2 0 |a lesy 
610 2 0 |a rybolov 
610 2 0 |a ekosystémy 
610 2 0 |a znečistenie ovzdušia 
610 2 0 |a zmeny klimatické 
610 2 0 |a znečistenie vôd 
610 2 0 |a legislatíva 
610 2 0 |a prognózy 
100 1 |a Tietenberg, Tom 
700 1 |a Lewis, Lynne